000
00314nam a2200133Ia 4500
008
230917s9999||||xx |||||||||||||| ||und||
040
_e
127988
_a
MAIN
041
_a
English
082
_a
005.74 D451I
100
_a
Desai, Bepine
245
0
_a
Introduction to data base Systems
300
_a
820p. p.
942
_c
BK
999
_c
78529
_d
78529